Skip to main content
Your cart is empty.
Your lists
Log in to create your own lists
Your cookies
العربية
English
العربية
Home
Search
Advanced search
Authority search
About
The noble scholar, jurist, historian
His Excellency Dr. Abdul Wahhab bin Ibrahim Abu Sulaiman, may Allah have mercy on him.
He was born in Umm Al-Qura in the year 1356 AH.
Library catalog
Title
Author
Subject
ISBN
ISSN
Series
Call number
Log in to your account
×
Login:
Password:
Home
MARC view: من أعلام الفكر الإسلامي في البصرة :
Normal view
MARC view
ISBD view
من أعلام الفكر الإسلامي في البصرة : (Record no. 6535)
[
view plain
]
MARC details
000 -LEADER
fixed length control field
01518cam a2200301 i 4500
003 - CONTROL NUMBER IDENTIFIER
control field
SA-RiAUC
005 - DATE AND TIME OF LATEST TRANSACTION
control field
20250321130752.0
008 - FIXED-LENGTH DATA ELEMENTS--GENERAL INFORMATION
fixed length control field
250319s1981 iq g 000 0bara c
040 ## - CATALOGING SOURCE
Original cataloging agency
JO-AmJU
Language of cataloging
ara
Transcribing agency
SA-RiAUC
Description conventions
rda
043 ## - GEOGRAPHIC AREA CODE
Geographic area code
a-iq---
082 04 - DEWEY DECIMAL CLASSIFICATION NUMBER
Classification number
921.1
Assigning agency
SA-RiAUC
090 ## - LOCALLY ASSIGNED LC-TYPE CALL NUMBER (OCLC); LOCAL CALL NUMBER (RLIN)
Classification number (OCLC) (R) ; Classification number, CALL (RLIN) (NR)
921.1
Local cutter number (OCLC) ; Book number/undivided call number, CALL (RLIN)
خ ا ل
100 1# - MAIN ENTRY--PERSONAL NAME
Personal name
الخالدي، عبد اللطيف الدليشي،
Dates associated with a name
1910-1995
Relator term
مؤلف.
245 10 - TITLE STATEMENT
Title
من أعلام الفكر الإسلامي في البصرة :
Remainder of title
محمد أمين الشنقيطي /
Statement of responsibility, etc.
تأليف عبد اللطيف الدليشي الخالدي.
264 #1 - PRODUCTION, PUBLICATION, DISTRIBUTION, MANUFACTURE, AND COPYRIGHT NOTICE
Place of production, publication, distribution, manufacture
بغداد :
Name of producer, publisher, distributor, manufacturer
وزارة الأوقاف والشؤون الدينية،
Date of production, publication, distribution, manufacture, or copyright notice
1981
300 ## - PHYSICAL DESCRIPTION
Extent
336 صفحة ؛
Dimensions
24 سم.
336 ## - CONTENT TYPE
Content type term
نص
Content type code
txt
Source
rdacontent
Materials specified
كتاب
337 ## - MEDIA TYPE
Media type term
بدون وسيط
Media type code
n
Source
rdamedia
338 ## - CARRIER TYPE
Carrier type term
مجلد
Carrier type code
nc
Source
rdacarrier
490 0# - SERIES STATEMENT
Series statement
محمد الأمين بن محمد المختار بن عبد القادر الشنقيطي ؛
Volume/sequential designation
20
600 17 - SUBJECT ADDED ENTRY--PERSONAL NAME
Personal name
الشنقيطي، محمد أمين بن عبدي بن فال الخير،
Dates associated with a name
1876-1932
Source of heading or term
aucnm
600 17 - SUBJECT ADDED ENTRY--PERSONAL NAME
Personal name
الشنقيطي، محمد أمين بن عبدي بن فال الخير،
Dates associated with a name
1293-1351 هجري
Source of heading or term
aucnm
600 17 - SUBJECT ADDED ENTRY--PERSONAL NAME
Personal name
الشنقيطي، محمد الأمين بن محمد المختار بن عبد القادر،
Dates associated with a name
1907-1973
Source of heading or term
aucnm
650 #7 - SUBJECT ADDED ENTRY--TOPICAL TERM
Topical term or geographic name entry element
المسلمون
Form subdivision
تراجم
Source of heading or term
aucsh
651 #7 - SUBJECT ADDED ENTRY--GEOGRAPHIC NAME
Geographic name
البصرة (العراق)
General subdivision
تاريخ
Chronological subdivision
قرن 20
Source of heading or term
aucsh
942 ## - ADDED ENTRY ELEMENTS (KOHA)
Source of classification or shelving scheme
Dewey Decimal Classification
Koha item type
Books
Suppress in OPAC
No
949 ## - LOCAL PROCESSING INFORMATION (OCLC)
a
SA-JeALM
d
250319
u
mohamedma123
n
1
Holdings
Withdrawn status
Lost status
Source of classification or shelving scheme
Damaged status
Not for loan
Home library
Current library
Date acquired
Total checkouts
Full call number
Barcode
Date last seen
Price effective from
Koha item type
Dewey Decimal Classification
DR AbdElwahab Library
DR AbdElwahab Library
03/21/2025
921.1 خ ا ل
000010984
03/21/2025
03/21/2025
Books
Place hold
Print
Add to your cart
(remove)
Save record
BIBTEX
Dublin Core
MARCXML
MARC (non-Unicode/MARC-8)
MARC (Unicode/UTF-8)
MARC (Unicode/UTF-8, Standard)
MODS (XML)
RIS
ISBD
More searches
Search for this title in:
Other Libraries (WorldCat)
Other Databases (Google Scholar)
Online Stores (Bookfinder.com)
Open Library (openlibrary.org)
Exporting to Dublin Core...
×
Simple DC-RDF
OAI-DC
SRW-DC